Mooring and Anchoring Ships- Vol 1: Principles and Practice / (Record no. 141)

000 -LEADER
fixed length control field 00492nam a2200157Ia 4500
008 - FIXED-LENGTH DATA ELEMENTS--GENERAL INFORMATION
fixed length control field 190805s9999||||xx |||||||||||||| ||und||
020 ## - INTERNATIONAL STANDARD BOOK NUMBER
International Standard Book Number 9781870077934
Terms of availability £ 105.00
082 04 - DEWEY DECIMAL CLASSIFICATION NUMBER
Classification number 623.862
Item number C5471
100 1# - MAIN ENTRY--PERSONAL NAME
Personal name Clark, I. C.
245 10 - TITLE STATEMENT
Title Mooring and Anchoring Ships- Vol 1: Principles and Practice /
260 ## - PUBLICATION, DISTRIBUTION, ETC. (IMPRINT)
Place of publication, distribution, etc London :
Name of publisher, distributor, etc The Nautical Institute,
Date of publication, distribution, etc 2009
300 ## - PHYSICAL DESCRIPTION
Extent ix, 268 p.
Other physical details : col. Ill.
Dimensions ; 30 cm.
650 #0 - SUBJECT ADDED ENTRY--TOPICAL TERM
Topical term or geographic name as entry element Mooring of ships
852 ## - LOCATION/CALL NUMBER
Location
942 ## - ADDED ENTRY ELEMENTS (KOHA)
Item type Reference book
Holdings
Withdrawn status Lost status Damaged status Not for loan Collection code Permanent location Current location Shelving location Date acquired Source of acquisition Cost, normal purchase price Total Checkouts Full call number Barcode Date last seen Date last borrowed Koha item type Public note
        Nautical Science IMU Kochi Library IMU Kochi Library Reference 2017-05-22 Segment Book Distrubuters 9135.00 5 623.862 C5471 BK003123 2024-03-12 2024-03-12 Reference book Shelf-4, Row-3


Copyright © All Rights Reserved by Indian Maritime University, Kochi Campus.
For any Suggestions/Query Contact to library or Email: library.kochi@imu.ac.in Ph:(0484)-2989402
(Web OPAC Designed by Rudra Ranjan. Maintained by IMU Kochi Library)

Powered by Koha